THE TECHNICAL WRITER.AN AID TO THE PRESENTATION AND PRODUCTION OF TECHNICAL LITERATURE (Record no. 583159)

000 -LEADER
fixed length control field 00343nam a22001217a 4500
082 ## - DEWEY DECIMAL CLASSIFICATION NUMBER
Classification number 808.066 GOD'T
100 ## - MAIN ENTRY--PERSONAL NAME
Personal name GODFERY, J. W
9 (RLIN) 77995
245 ## - TITLE STATEMENT
Title THE TECHNICAL WRITER.AN AID TO THE PRESENTATION AND PRODUCTION OF TECHNICAL LITERATURE
260 ## - PUBLICATION, DISTRIBUTION, ETC.
Place of publication, distribution, etc. LONDON
Name of publisher, distributor, etc. CHAPMAN & HALL
Date of publication, distribution, etc. 1960
300 ## - PHYSICAL DESCRIPTION
Extent 340P
700 ## - ADDED ENTRY--PERSONAL NAME
Personal name PARR, G
9 (RLIN) 77996
942 ## - ADDED ENTRY ELEMENTS (KOHA)
Koha item type Book
Holdings
Withdrawn status Lost status Source of classification or shelving scheme Damaged status Not for loan Permanent Location Current Location Shelving location Date acquired Shelving control number Full call number Barcode Date last seen Price effective from Koha item type Public note
          College of Electrical & Mechanical Engineering (CEME) College of Electrical & Mechanical Engineering (CEME) Fiction 02/27/2017 English Literature 808.066 GOD'T CEME-1805 06/28/2021 06/28/2021 Book CART-4
© 2023 Central Library, National University of Sciences and Technology. All Rights Reserved.